000 00267nam a22001097a 4500
008 170123b xxu||||| |||| 00| 0 eng d
020 _a9781451151565
041 _aeng
080 _22ND
_a618.2
245 _aMATERNITY AND PEDIATRIC NURSING
_cBARBERA, P
942 _2udc
_cBK
999 _c3338
_d3338